Sports Quiz

Random Sports or Soccer Quiz

Quick Pick: Premier League Champions Quiz Stats

Quiz not verified by Sporcle

Challenge
Share
Tweet
Embed
Score 0/6 Timer 01:00
0 Plays Today
% Correct
Leicester City
82.6%
Blackburn Rovers
81.5%
Chelsea
69.9%
Arsenal
69.1%
Manchester United
65.9%
Manchester City
64.3%

You're not logged in!

Compare scores with friends on all Sporcle quizzes.
Join for Free
OR
Log In

You Might Also Like...

Show Comments

Extras

Top Quizzes Today


Score Distribution

Your Account Isn't Verified!

In order to create a playlist on Sporcle, you need to verify the email address you used during registration. Go to your Sporcle Settings to finish the process.

Report this User

Report this user for behavior that violates our Community Guidelines.

Details: